| 000 | 00937nam a22002657a 4500 | ||
|---|---|---|---|
| 999 |
_c13955 _d13955 |
||
| 003 | AR-CdUCM | ||
| 008 | 190417b ||||| |||| 00| 0 spa d | ||
| 040 |
_aMUNICIPALIDAD PROVINCIAL DEL CUSCO _cBIBLIOTECA MUNICIPAL DEL CUSCO |
||
| 082 |
_aC / 745.51 / _bS12 |
||
| 100 |
_aSabogal, José, _921983 |
||
| 110 |
_aObra auspiciada por el Concytec. _932594 |
||
| 245 |
_aEl Kero : _bVaso de libaciones cusqueño de madera pintada / |
||
| 260 |
_aLima : _bInstituto Nacional de Cultura, _c1952. |
||
| 300 |
_a46 paginas ; _bIlustraciones, _c23 cm. |
||
| 500 | _aDonación familia Nieto | ||
| 505 | _aContenido : | ||
| 650 |
_aCultura andina _95789 |
||
| 650 |
_aArtesanía peruana _932595 |
||
| 650 |
_aEpoca prehispánica _92714 |
||
| 700 |
_aIglesias, Juana (editor) _932596 |
||
| 700 |
_aUrco, Jaime (editor) _932597 |
||
| 710 |
_aInstituto Nacional de Cultura (Perú) _92016 |
||
| 942 |
_2ddc _cFOLLETOS |
||
| 945 |
_arjall _d2019-04-17 |
||